Analogies - Football - Statistiques

Statistiques générales
  • Ce quiz a été pris 33 342 fois
    32 242 depuis la dernière actualisation
  • Le résultat moyen est 13 sur 20
Statistiques - réponses
L'un est à l'autre Ce que ... % Correct
La Ligue 1 est à la France La {Bundesliga} est à l'Allemagne
90%
L'Euro est à l'UEFA La Coupe du monde est à la {FIFA}
88%
Le Camp Nou est au FC Barcelone Le {Parc} {des} {Princes} est au PSG
84%
Paulo Maldini est à l'AC Milan {Francesco} {Totti} est à l'AS Rome
82%
Giroud est à la France {Neymar Jr} est au Brésil
82%
Kylian Mbappé est à l'AS Monaco Cristiano Ronaldo est au {Sporting}
79%
L'OL est à L'AS Saint-Étienne Le LOSC est au {RC} {Lens}
77%
San Siro est à l'AC Milan {Old} {Trafford} est à Manchester United
76%
L'Espagne est à l'Euro 2024 La {Grèce} est à l'Euro 2004
75%
Le FC Barcelone est au Réal Madrid Boca Juniors est à {River} {Plate}
72%
Ryan Giggs est à Manchester United Jamie Carragher est à {Liverpool}
67%
Kaka est à 2007 {Karim} {Benzema} est à 2022
64%
La Seleção est au Brésil L'{Albiceleste} est à l'Argentine
58%
Lionel Messi est à la Coupe du Monde 2022 {Luka} {Modrić} est à la Coupe du Monde 2018
57%
Le Real Madrid est à la Ligue des Champions 2024 Le {FC} {Porto} est à la Ligue des Champions 2004
55%
La Juventus est à Turin La {Réal} {Sociedad} est à San Sebastián
50%
La Russie est à la Coupe du Monde 2018 Le {Mexique} est à la Coupe du Monde 1986
50%
Florentino Perez est au Réal Madrid {Joan} {Laporta} est au FC Barcelone
49%
Liverpool est à Everton Schalke 04 est à {Dortmund}
49%
Les Nerazzurri sont à l'Inter Milan Les {Rossoneri} sont à l'AC Milan
40%
Aucun quiz correspondant
Distribution des résultats
% des personnes avec chaque résultat
Percentile par nombre de réponses
Votre historique - résultats
Vous n’avez pas pris ce quiz depuis la dernière actualisation